[Event "C18"]
[Site "?"]
[Date "2016.08.10"]
[Round "21.2"]
[White "Szostko, Jakub"]
[Black "Piotrowski, Przemyslaw"]
[Result "1-0"]
[LiveChessVersion "1.4.8"]
[BlackElo "2131"]
[WhiteElo "2157"]

1. e4 {[%clk 0:03:03]} c5 {[%clk 0:03:04]} 2. Nf3 {[%clk 0:03:05]} d6
{[%clk 0:03:05]} 3. d4 {[%clk 0:03:06]} cxd4 {[%clk 0:03:06]} 4. Nxd4 Nf6 5. Nc3
Nc6 6. Bg5 {[%clk 0:03:09]} e6 7. Qd2 a6 {[%clk 0:03:12]} 8. O-O-O
{[%clk 0:03:10]} Bd7 {[%clk 0:03:13]} 9. f4 {[%clk 0:03:10]} b5 {[%clk 0:03:15]}
10. Bxf6 {[%clk 0:03:09]} gxf6 {[%clk 0:03:16]} 11. Kb1 {[%clk 0:03:06]} Qb6
{[%clk 0:03:17]} 12. Nxc6 {[%clk 0:03:06]} Bxc6 {[%clk 0:03:18]} 13. f5
{[%clk 0:03:07]} Qc5 {[%clk 0:03:19]} 14. Bd3 {[%clk 0:02:55]} h5
{[%clk 0:03:20]} 15. fxe6 {[%clk 0:02:37]} fxe6 {[%clk 0:03:21]} 16. Rhf1
{[%clk 0:02:38]} Bh6 {[%clk 0:03:22]} 17. Qe1 {[%clk 0:02:38]} Qe5
{[%clk 0:03:21]} 18. Ne2 {[%clk 0:02:30]} O-O {[%clk 0:02:41]} 19. Qg3+
{[%clk 0:02:09]} Qxg3 {[%clk 0:02:28]} 20. Nxg3 {[%clk 0:02:10]} h4
{[%clk 0:02:28]} 21. Nh5 {[%clk 0:02:11]} Bg5 {[%clk 0:02:29]} 22. Nf4
{[%clk 0:02:12]} Rae8 {[%clk 0:02:25]} 23. a4 {[%clk 0:02:09]} Kg7
{[%clk 0:02:09]} 24. a5 {[%clk 0:02:00]} Kf7 {[%clk 0:02:01]} 25. Nh3
{[%clk 0:01:15]} Rg8 {[%clk 0:02:00]} 26. Nxg5+ {[%clk 0:01:13]} Rxg5
{[%clk 0:02:01]} 27. Rf4 {[%clk 0:01:14]} Rh8 {[%clk 0:01:57]} 28. Rdf1
{[%clk 0:01:14]} Rh6 {[%clk 0:01:55]} 29. R1f2 {[%clk 0:01:15]} h3 30. gxh3
{[%clk 0:01:02]} Rgh5 {[%clk 0:01:08]} 31. R2f3 {[%clk 0:00:57]} Ke7
{[%clk 0:00:59]} 32. b3 {[%clk 0:00:39]} Rxh3 {[%clk 0:00:55]} 33. Rxf6
{[%clk 0:00:36]} Rxf6 {[%clk 0:00:33]} 34. Rxh3 Rf7 35. Rh8 {[%clk 0:00:37]} Rf4
{[%clk 0:00:28]} 36. Rh7+ {[%clk 0:00:37]} Kf6 {[%clk 0:00:28]} 37. Ra7
{[%clk 0:00:38]} Bxe4 {[%clk 0:00:29]} 38. Bxe4 {[%clk 0:00:39]} Rxe4
{[%clk 0:00:30]} 39. Rxa6 {[%clk 0:00:40]} Re1+ {[%clk 0:00:21]} 40. Kb2 e5 41.
Rxd6+ {[%clk 0:00:42]} Ke7 {[%clk 0:00:24]} 42. a6 {[%clk 0:00:37]} Rg1
{[%clk 0:00:21]} 43. Rb6 {[%clk 0:00:33]} Rg8 {[%clk 0:00:19]} 44. Rxb5
{[%clk 0:00:34]} Kd6 {[%clk 0:00:20]} 45. a7 {[%clk 0:00:33]} 1-0

[Event "C18"]
[Site "?"]
[Date "2016.08.10"]
[Round "21.3"]
[White "Niekras, Dawid"]
[Black "Lizak, Jakub"]
[Result "1/2-1/2"]
[LiveChessVersion "1.4.8"]
[BlackElo "2001"]
[WhiteElo "2157"]

1. e4 {[%clk 0:03:03]} g6 {[%clk 0:03:04]} 2. d4 {[%clk 0:03:04]} Bg7
{[%clk 0:03:05]} 3. Nc3 d6 4. f4 {[%clk 0:03:06]} a6 {[%clk 0:03:09]} 5. Nf3 b5
6. Be3 {[%clk 0:02:25]} Bb7 {[%clk 0:03:09]} 7. Bd3 {[%clk 0:02:25]} Nd7
{[%clk 0:03:11]} 8. e5 {[%clk 0:02:25]} c5 {[%clk 0:03:12]} 9. Be4
{[%clk 0:01:52]} Bxe4 {[%clk 0:03:13]} 10. Nxe4 {[%clk 0:01:52]} cxd4
{[%clk 0:03:14]} 11. Bxd4 {[%clk 0:01:44]} dxe5 {[%clk 0:02:02]} 12. fxe5
{[%clk 0:01:42]} Nf8 {[%clk 0:00:59]} 13. O-O {[%clk 0:00:56]} Ne6
{[%clk 0:01:00]} 14. c3 {[%clk 0:00:39]} Nh6 {[%clk 0:00:56]} 15. Nfg5
{[%clk 0:00:28]} O-O {[%clk 0:00:50]} 16. Nxe6 {[%clk 0:00:29]} fxe6
{[%clk 0:00:51]} 17. Qb3 {[%clk 0:00:23]} Qd5 {[%clk 0:00:51]} 18. Nc5
{[%clk 0:00:19]} Rxf1+ {[%clk 0:00:36]} 19. Rxf1 {[%clk 0:00:21]} Nf5
{[%clk 0:00:37]} 20. Nxe6 {[%clk 0:00:18]} Qxb3 {[%clk 0:00:35]} 21. axb3
{[%clk 0:00:19]} Bh6 {[%clk 0:00:28]} 22. g4 {[%clk 0:00:12]} Ne3
{[%clk 0:00:29]} 23. Bxe3 {[%clk 0:00:12]} Bxe3+ {[%clk 0:00:31]} 24. Kg2
{[%clk 0:00:13]} Bb6 {[%clk 0:00:32]} 25. Nd4 {[%clk 0:00:10]} Rd8
{[%clk 0:00:16]} 26. Rf4 {[%clk 0:00:07]} Bxd4 {[%clk 0:00:12]} 27. Rxd4
{[%clk 0:00:08]} Rc8 {[%clk 0:00:09]} 28. Kf3 {[%clk 0:00:08]} Rc6
{[%clk 0:00:10]} 29. Rd7 Kf7 30. Ke4 {[%clk 0:00:08]} Ke6 {[%clk 0:00:13]} 31.
Rd1 {[%clk 0:00:09]} Rc5 {[%clk 0:00:14]} 32. Ra1 {[%clk 0:00:07]} Rxe5+
{[%clk 0:00:15]} 33. Kf4 {[%clk 0:00:08]} Rd5 {[%clk 0:00:14]} 34. Rxa6+
{[%clk 0:00:09]} Kf7 {[%clk 0:00:15]} 35. Rb6 {[%clk 0:00:08]} Ke8
{[%clk 0:00:10]} 36. h4 {[%clk 0:00:07]} Kd7 {[%clk 0:00:10]} 37. Ke4
{[%clk 0:00:06]} Rc5 {[%clk 0:00:11]} 38. b4 Rc4+ 39. Kf3 {[%clk 0:00:08]} h5
{[%clk 0:00:10]} 40. gxh5 {[%clk 0:00:09]} gxh5 {[%clk 0:00:11]} 41. Rxb5
{[%clk 0:00:09]} Rxh4 {[%clk 0:00:12]} 1/2-1/2

[Event "C18"]
[Site "?"]
[Date "2016.08.10"]
[Round "21.4"]
[White "Kanicki, Krzysztof"]
[Black "Molenda, Marcin"]
[Result "0-1"]
[LiveChessVersion "1.4.8"]
[BlackElo "2187"]
[WhiteElo "2067"]

1. d4 {[%clk 0:03:03]} d5 {[%clk 0:03:03]} 2. Nf3 {[%clk 0:03:05]} Nf6
{[%clk 0:03:04]} 3. Bf4 {[%clk 0:03:06]} c5 {[%clk 0:03:04]} 4. c3
{[%clk 0:03:06]} Nc6 {[%clk 0:03:02]} 5. e3 {[%clk 0:03:07]} Qb6 {[%clk 0:03:03]}
6. Qb3 {[%clk 0:03:04]} c4 {[%clk 0:03:04]} 7. Qxb6 {[%clk 0:03:05]} axb6
{[%clk 0:03:05]} 8. Nbd2 {[%clk 0:02:55]} b5 {[%clk 0:03:04]} 9. a3
{[%clk 0:02:53]} b4 {[%clk 0:03:04]} 10. cxb4 {[%clk 0:02:48]} Nxb4
{[%clk 0:03:05]} 11. Rc1 {[%clk 0:02:46]} Nc6 {[%clk 0:03:05]} 12. Ne5
{[%clk 0:02:47]} Bf5 {[%clk 0:02:53]} 13. Be2 {[%clk 0:02:47]} e6
{[%clk 0:02:52]} 14. g4 {[%clk 0:02:36]} Bg6 {[%clk 0:02:47]} 15. Nxg6
{[%clk 0:02:26]} hxg6 {[%clk 0:02:48]} 16. O-O {[%clk 0:02:10]} Be7
{[%clk 0:02:45]} 17. Kg2 {[%clk 0:02:01]} b5 {[%clk 0:02:45]} 18. h3
{[%clk 0:01:59]} Kd7 {[%clk 0:02:40]} 19. Nf3 {[%clk 0:02:00]} Rhc8
{[%clk 0:02:24]} 20. Ne5+ {[%clk 0:01:59]} Nxe5 {[%clk 0:02:25]} 21. Bxe5
{[%clk 0:02:00]} b4 {[%clk 0:02:21]} 22. axb4 {[%clk 0:02:00]} Bxb4
{[%clk 0:02:22]} 23. Bxf6 {[%clk 0:01:05]} gxf6 {[%clk 0:02:23]} 24. Ra1
{[%clk 0:01:07]} Rcb8 {[%clk 0:02:13]} 25. Rfc1 {[%clk 0:00:37]} Bd6
{[%clk 0:02:07]} 26. Rxa8 {[%clk 0:00:29]} Rxa8 {[%clk 0:02:09]} 27. Rc2
{[%clk 0:00:27]} g5 {[%clk 0:02:07]} 28. Bd1 {[%clk 0:00:26]} Ra1
{[%clk 0:02:07]} 29. Be2 {[%clk 0:00:26]} Rb1 {[%clk 0:01:54]} 30. Kf3
{[%clk 0:00:25]} Kc6 {[%clk 0:01:52]} 31. Kg2 {[%clk 0:00:10]} Kb5
{[%clk 0:01:53]} 32. Rd2 {[%clk 0:00:08]} Bb4 {[%clk 0:01:38]} 33. Rc2
{[%clk 0:00:06]} Bd6 {[%clk 0:01:29]} 34. Bf3 {[%clk 0:00:05]} Kb4
{[%clk 0:01:27]} 35. e4 {[%clk 0:00:04]} Kb3 {[%clk 0:01:22]} 36. Re2
{[%clk 0:00:05]} dxe4 {[%clk 0:01:12]} 37. Bxe4 {[%clk 0:00:06]} Rxb2
{[%clk 0:01:12]} 38. Re3+ {[%clk 0:00:07]} Kb4 {[%clk 0:01:09]} 39. d5
{[%clk 0:00:06]} c3 {[%clk 0:01:06]} 40. Re1 {[%clk 0:00:04]} Bc5
{[%clk 0:01:05]} 41. dxe6 {[%clk 0:00:03]} fxe6 {[%clk 0:01:06]} 42. Bd3
{[%clk 0:00:03]} Rxf2+ {[%clk 0:01:06]} 43. Kg3 {[%clk 0:00:05]} Rd2
{[%clk 0:01:05]} 44. Rb1+ {[%clk 0:00:05]} Ka3 {[%clk 0:01:04]} 45. Be4
{[%clk 0:00:05]} c2 {[%clk 0:01:04]} 46. Rc1 {[%clk 0:00:04]} Kb2
{[%clk 0:01:06]} 47. Rxc2+ {[%clk 0:00:05]} Rxc2 {[%clk 0:01:07]} 48. Bxc2
{[%clk 0:00:06]} Kxc2 {[%clk 0:01:08]} 49. h4 {[%clk 0:00:07]} gxh4+ 50. Kxh4 Be3
{[%clk 0:01:10]} 51. Kh5 {[%clk 0:00:09]} Kd3 {[%clk 0:01:11]} 52. Kg6
{[%clk 0:00:10]} Bg5 {[%clk 0:01:12]} 53. Kf7 {[%clk 0:00:12]} Ke4
{[%clk 0:01:13]} 54. Kxe6 {[%clk 0:00:12]} Kf4 {[%clk 0:01:15]} 55. Kd5
{[%clk 0:00:14]} Kxg4 {[%clk 0:01:16]} 56. Kd4 0-1

[Event "C18"]
[Site "?"]
[Date "2016.08.10"]
[Round "22.2"]
[White "Piotrowski, Przemyslaw"]
[Black "Szostko, Jakub"]
[Result "0-1"]
[LiveChessVersion "1.4.8"]
[BlackElo "2157"]
[WhiteElo "2131"]

1. Nf3 {[%clk 0:03:03]} Nf6 {[%clk 0:03:04]} 2. g3 {[%clk 0:03:04]} g6
{[%clk 0:03:05]} 3. Bg2 {[%clk 0:03:05]} Bg7 {[%clk 0:03:06]} 4. O-O
{[%clk 0:03:06]} O-O {[%clk 0:03:07]} 5. c4 {[%clk 0:03:07]} d6 {[%clk 0:03:07]}
6. d4 {[%clk 0:03:08]} Nc6 {[%clk 0:03:09]} 7. Nc3 a6 8. b3 Rb8 9. Nd5
{[%clk 0:03:12]} Nh5 {[%clk 0:03:11]} 10. Bb2 {[%clk 0:03:12]} e6
{[%clk 0:03:11]} 11. Ne3 {[%clk 0:03:13]} b5 {[%clk 0:03:10]} 12. cxb5
{[%clk 0:03:14]} axb5 {[%clk 0:03:11]} 13. Rc1 {[%clk 0:03:15]} Bd7
{[%clk 0:03:01]} 14. Qc2 {[%clk 0:03:01]} Rc8 {[%clk 0:02:39]} 15. a3
{[%clk 0:03:01]} Ne7 {[%clk 0:02:37]} 16. b4 {[%clk 0:03:00]} Bc6
{[%clk 0:02:33]} 17. Nd1 {[%clk 0:02:53]} Nf6 {[%clk 0:02:25]} 18. Nc3
{[%clk 0:02:53]} Nfd5 {[%clk 0:02:07]} 19. Nxd5 {[%clk 0:02:46]} Bxd5
{[%clk 0:02:06]} 20. e4 {[%clk 0:02:47]} Bb7 {[%clk 0:02:05]} 21. Rfd1
{[%clk 0:02:46]} Qd7 {[%clk 0:02:05]} 22. e5 {[%clk 0:02:40]} Bd5
{[%clk 0:01:59]} 23. Ng5 {[%clk 0:02:29]} Bxg2 {[%clk 0:02:00]} 24. Kxg2
{[%clk 0:02:30]} Nd5 {[%clk 0:01:57]} 25. Ne4 {[%clk 0:02:27]} Nb6
{[%clk 0:01:56]} 26. Qb3 {[%clk 0:01:41]} Ra8 {[%clk 0:01:42]} 27. Rd3
{[%clk 0:01:29]} Nc4 {[%clk 0:01:37]} 28. Nd2 {[%clk 0:01:23]} d5
{[%clk 0:01:12]} 29. f4 {[%clk 0:01:18]} Ra7 {[%clk 0:01:08]} 30. Qc2
{[%clk 0:01:14]} Rfa8 {[%clk 0:01:06]} 31. Nxc4 {[%clk 0:01:09]} dxc4
{[%clk 0:01:04]} 32. Rdd1 {[%clk 0:01:05]} Qd5+ {[%clk 0:01:05]} 33. Kf2
{[%clk 0:01:04]} h5 {[%clk 0:01:07]} 34. Re1 {[%clk 0:01:01]} c6 {[%clk 0:00:59]}
35. Qe4 {[%clk 0:00:59]} Bf8 {[%clk 0:00:52]} 36. Rc3 {[%clk 0:00:54]} Be7
{[%clk 0:00:32]} 37. h3 {[%clk 0:00:55]} Kg7 {[%clk 0:00:32]} 38. Kf3
{[%clk 0:00:54]} Rh8 {[%clk 0:00:30]} 39. Rg1 {[%clk 0:00:56]} Raa8
{[%clk 0:00:25]} 40. Bc1 {[%clk 0:00:48]} Ra7 {[%clk 0:00:26]} 41. Rg2
{[%clk 0:00:36]} Rd8 {[%clk 0:00:24]} 42. Rd2 {[%clk 0:00:30]} Rh8
{[%clk 0:00:19]} 43. Ra2 {[%clk 0:00:29]} Bxb4 {[%clk 0:00:16]} 44. Rcc2
{[%clk 0:00:27]} Be7 {[%clk 0:00:16]} 45. Ke3 {[%clk 0:00:22]} Rha8
{[%clk 0:00:13]} 46. Bb2 {[%clk 0:00:11]} Qxe4+ {[%clk 0:00:13]} 47. Kxe4
{[%clk 0:00:12]} Bxa3 {[%clk 0:00:14]} 48. Bxa3 {[%clk 0:00:13]} Rxa3
{[%clk 0:00:16]} 49. Rab2 {[%clk 0:00:14]} Rxg3 {[%clk 0:00:15]} 50. Ra2
{[%clk 0:00:16]} Rxa2 {[%clk 0:00:15]} 51. Rxa2 {[%clk 0:00:17]} c3
{[%clk 0:00:16]} 52. Ra6 {[%clk 0:00:17]} b4 {[%clk 0:00:15]} 53. Rxc6
{[%clk 0:00:16]} b3 {[%clk 0:00:16]} 0-1

[Event "C18"]
[Site "?"]
[Date "2016.08.10"]
[Round "22.3"]
[White "Lizak, Jakub"]
[Black "Niekras, Dawid"]
[Result "1-0"]
[LiveChessVersion "1.4.8"]
[BlackElo "2157"]
[WhiteElo "2001"]

1. e4 {[%clk 0:03:04]} c5 2. Nf3 d6 {[%clk 0:03:05]} 3. Bb5+ {[%clk 0:03:07]} Bd7
{[%clk 0:03:06]} 4. c4 {[%clk 0:03:08]} Bxb5 {[%clk 0:03:02]} 5. cxb5
{[%clk 0:03:10]} Nf6 {[%clk 0:02:45]} 6. Nc3 g6 7. d4 {[%clk 0:03:13]} cxd4
{[%clk 0:02:47]} 8. Qxd4 {[%clk 0:03:06]} Bg7 {[%clk 0:02:47]} 9. O-O
{[%clk 0:03:07]} O-O {[%clk 0:02:48]} 10. Qd3 {[%clk 0:03:08]} a6
{[%clk 0:02:15]} 11. bxa6 {[%clk 0:03:03]} Nxa6 {[%clk 0:02:14]} 12. Qb5
{[%clk 0:03:04]} Qd7 {[%clk 0:01:44]} 13. Qe2 {[%clk 0:02:49]} Ng4
{[%clk 0:01:30]} 14. Rd1 {[%clk 0:02:42]} Ne5 {[%clk 0:01:21]} 15. Nxe5
{[%clk 0:02:43]} Bxe5 {[%clk 0:01:22]} 16. f4 {[%clk 0:02:43]} Bg7
{[%clk 0:00:50]} 17. Nd5 {[%clk 0:02:44]} Rab8 {[%clk 0:00:35]} 18. f5
{[%clk 0:02:07]} Nc7 {[%clk 0:00:25]} 19. f6 {[%clk 0:01:49]} exf6 20. Bf4 Nxd5
{[%clk 0:00:17]} 21. Rxd5 {[%clk 0:01:52]} Rbc8 {[%clk 0:00:13]} 22. Bxd6
{[%clk 0:01:25]} Rfe8 23. Rad1 Qa4 {[%clk 0:00:14]} 24. b4 {[%clk 0:01:07]} Rc2
{[%clk 0:00:09]} 25. R5d2 {[%clk 0:01:08]} Rxd2 {[%clk 0:00:08]} 26. Qxd2
{[%clk 0:00:49]} Rxe4 {[%clk 0:00:10]} 27. Bc5 {[%clk 0:00:50]} Re8
{[%clk 0:00:11]} 28. Qd7 {[%clk 0:00:46]} Qa8 {[%clk 0:00:10]} 29. a4
{[%clk 0:00:38]} Bf8 {[%clk 0:00:09]} 30. Bxf8 {[%clk 0:00:15]} Rxf8
{[%clk 0:00:10]} 31. a5 {[%clk 0:00:16]} Qa7+ {[%clk 0:00:11]} 32. Qd4
{[%clk 0:00:17]} Qa6 {[%clk 0:00:11]} 33. Qd3 {[%clk 0:00:08]} Qa7+
{[%clk 0:00:11]} 34. Qd4 {[%clk 0:00:09]} Qa6 {[%clk 0:00:13]} 1-0

[Event "C18"]
[Site "?"]
[Date "2016.08.10"]
[Round "22.4"]
[White "Molenda, Marcin"]
[Black "Kanicki, Krzysztof"]
[Result "1-0"]
[LiveChessVersion "1.4.8"]
[BlackElo "2067"]
[WhiteElo "2187"]

1. d4 {[%clk 0:03:03]} d5 {[%clk 0:03:03]} 2. c4 {[%clk 0:03:05]} c6
{[%clk 0:03:05]} 3. Nf3 {[%clk 0:03:05]} Nf6 {[%clk 0:03:07]} 4. Qc2
{[%clk 0:03:07]} dxc4 {[%clk 0:03:06]} 5. Qxc4 {[%clk 0:03:08]} Bf5
{[%clk 0:03:07]} 6. g3 {[%clk 0:03:04]} e6 {[%clk 0:03:08]} 7. Bg2
{[%clk 0:03:05]} Nbd7 {[%clk 0:03:07]} 8. O-O {[%clk 0:03:05]} Be7
{[%clk 0:02:56]} 9. Nc3 {[%clk 0:03:04]} h6 {[%clk 0:02:48]} 10. Re1
{[%clk 0:03:05]} Ne4 {[%clk 0:02:48]} 11. Qb3 {[%clk 0:02:43]} Qb6
{[%clk 0:02:43]} 12. Nh4 {[%clk 0:02:40]} Nxc3 {[%clk 0:01:52]} 13. Nxf5
{[%clk 0:02:19]} Nxe2+ {[%clk 0:01:25]} 14. Rxe2 {[%clk 0:02:19]} exf5
{[%clk 0:01:26]} 15. Qe3 {[%clk 0:02:00]} Qd8 {[%clk 0:01:00]} 16. Bd2
{[%clk 0:01:58]} Kf8 {[%clk 0:00:54]} 17. Rae1 {[%clk 0:01:49]} Bd6
{[%clk 0:00:55]} 18. d5 {[%clk 0:01:43]} c5 {[%clk 0:00:50]} 19. Bc3
{[%clk 0:01:42]} Kg8 {[%clk 0:00:33]} 20. Qd3 {[%clk 0:01:35]} Nf6
{[%clk 0:00:25]} 21. Qxf5 {[%clk 0:01:30]} Qd7 {[%clk 0:00:22]} 22. Qxd7
{[%clk 0:01:13]} Nxd7 {[%clk 0:00:23]} 23. Re8+ {[%clk 0:01:15]} Kh7
{[%clk 0:00:22]} 24. Be4+ {[%clk 0:01:16]} g6 {[%clk 0:00:22]} 25. Rxh8+
{[%clk 0:01:04]} Rxh8 {[%clk 0:00:23]} 26. Bxh8 {[%clk 0:01:03]} Kxh8
{[%clk 0:00:24]} 27. f4 {[%clk 0:01:01]} Kg7 {[%clk 0:00:23]} 28. Bd3
{[%clk 0:01:00]} Nb6 {[%clk 0:00:20]} 29. Re8 {[%clk 0:00:53]} c4
{[%clk 0:00:09]} 30. Be4 {[%clk 0:00:52]} Na4 {[%clk 0:00:09]} 31. b3
{[%clk 0:00:49]} cxb3 {[%clk 0:00:10]} 32. axb3 Nc5 {[%clk 0:00:11]} 33. Bc2
{[%clk 0:00:51]} a5 {[%clk 0:00:10]} 34. Kf2 {[%clk 0:00:49]} h5 {[%clk 0:00:11]}
35. Ke3 {[%clk 0:00:49]} Kf6 {[%clk 0:00:11]} 36. Kd4 {[%clk 0:00:46]} b5
{[%clk 0:00:11]} 37. Rc8 {[%clk 0:00:34]} Nd7 {[%clk 0:00:08]} 38. Rc6
{[%clk 0:00:34]} Ke7 {[%clk 0:00:09]} 39. Bd3 {[%clk 0:00:24]} a4
{[%clk 0:00:10]} 40. Bxb5 {[%clk 0:00:23]} axb3 {[%clk 0:00:10]} 41. Ra6
{[%clk 0:00:23]} b2 {[%clk 0:00:09]} 42. Bd3 {[%clk 0:00:24]} Nc5
{[%clk 0:00:06]} 43. Rb6 {[%clk 0:00:15]} Na4 {[%clk 0:00:05]} 44. Rb7+
{[%clk 0:00:14]} Kf6 {[%clk 0:00:06]} 45. Bc2 {[%clk 0:00:13]} Nc5
{[%clk 0:00:04]} 46. Rxb2 {[%clk 0:00:10]} Nd7 {[%clk 0:00:05]} 47. Rb7
{[%clk 0:00:10]} Nc5 {[%clk 0:00:04]} 48. Rb6 {[%clk 0:00:09]} Ke7
{[%clk 0:00:05]} 49. Rc6 {[%clk 0:00:09]} Nd7 {[%clk 0:00:06]} 50. Bd3 Bb8
{[%clk 0:00:05]} 51. Bb5 {[%clk 0:00:11]} Ba7+ 52. Kd3 {[%clk 0:00:11]} Nc5+
{[%clk 0:00:04]} 53. Kc4 {[%clk 0:00:12]} Nd7 {[%clk 0:00:03]} 54. Rc7
{[%clk 0:00:13]} Bb6 {[%clk 0:00:04]} 55. Rxd7+ {[%clk 0:00:14]} Kf6
{[%clk 0:00:05]} 56. Rb7 {[%clk 0:00:15]} Bd8 {[%clk 0:00:06]} 57. Be8
{[%clk 0:00:16]} Be7 {[%clk 0:00:07]} 58. Rxe7 {[%clk 0:00:16]} Kxe7
{[%clk 0:00:08]} 59. Ba4 {[%clk 0:00:17]} 1-0